000 01227nam2a2200301 4500
001 RU\NLR\BIBL_A\012456958
005 20250806201124.0
035 _a(NLR Aleph) 012456958
090 _a53273
_c53273
100 _a20250806 rusy50
101 0 _arus
102 _aRU
135 _acrcn 024anaba
200 0 _a1942, № 3 (6620) (4 янв.)
210 _d1942
325 1 _aКопия доступна в электронной библиотеке РНБ
461 0 _1001RU\NLR\DIGIT\NP\000352
_12001#$aБакинский рабочий$eОрган Центр. и Бакин. ком. КП(б) Азербайджана$v1942, № 3 (6620) (4 янв.)
852 _aNLR
_jР516
856 0 _uhttps://vivaldi.nlr.ru/ap000063923/view
856 1 _uhttps://vivaldi.nlr.ru/ap000063923/cover
856 2 _uhttps://vivaldi.nlr.ru/ap000063923/text
901 _eГазеты
942 _cISSNP
945 _aРоссийская национальная библиотека
980 _aNB
980 _aBV
981 2 7 _a(27) Периодические издания
_b(27) Газеты